Deutsche YouTube-Gruppen/Duos - Statistiken

Allgemein
  • Dieses Quiz wurde 125 mal gespielt
  • Das Durchschnittsergebnis liegt bei 6 aus 12
Antwortstatistiken
Mitgleider Kanal % Korrekt
Andre SchieblerCengiz Dogrul Jan Meyer ApeCrime
87%
Peter SmitsDennis Brammen Jonathan Apelt Christian Stachelhaus Sebastian Lenßen Denis Hartwig PietSmiet
83%
Philipp LaudeOguz Yilmaz Matthias Roll Y-Titty
79%
Dennis WolterBenni Wolter World Wide Wohnzimmer
72%
Alexander KoslowskiDimitri Koslowski DieAussenseiter
65%
Niklas LevinsohnNico Heymar Christoph Kröger Calcio Berlin
39%
Daniel BudimanNils Bomhoff Etienne Garde Simon Krätschmer Arno Heinisch Rocket Beans TV
31%
Rick GarridoSteven Schuto Space Frogs
31%
Sebastian MeichsnerPhilipp Meichsner Christos Manazidis Bullshit TV
26%
Daniel TjarksArdian Bora Marius Ley DAT ADAM
23%
Mark FilatovDimitri Tsvetkov Ost Boys
12%
Florian DiedrichMax Krüger Robin Blase David Hain Paul Stehr Oliver Dombrowski DoktorFroid
7%
Keine übereinstimmenden Quizze gefunden
Verteilung der Resultate
Anzahl Personen mit jedem Resultat
Perzentil nach korrekt beantworteten Fragen
Ihre Resultats-Entwicklung
Sie haben dieses Quiz noch nicht gespielt